| 000 | 00753nam a2200241Ia 4500 | ||
|---|---|---|---|
| 003 | GCL | ||
| 008 | 140319s9999 xx 000 0 ara d | ||
| 040 |
_aGCL / _cGCL |
||
| 082 | 0 | 4 |
_aم _b091 _bج ا |
| 100 | 1 | _aجروهان، ادولف | |
| 245 | 1 | 0 |
_aاوراق البردى العربية بدار الكتب العربية / _cجروهان، ادولف |
| 700 | 1 | _aحسن ابراهيم حسن (مترجم) | |
| 260 |
_a[S.N] : _bدار الكتب ، _c1967 |
||
| 490 |
_aماذا اعرف _v0 |
||
| 650 | 0 | 4 | _aالكتابة |
| 650 | 0 | 4 | _aالورق |
| 650 | 0 | 4 | _aالتاريخ |
| 650 | 0 | 4 | _aالحضارة الفرعونية |
| 650 | 0 | 4 | _aالبردى |
| 650 | 0 | 4 | _aالوثائق |
| 650 | 0 | 4 | _aالمخطوطات |
| 942 |
_2ddc _cREF |
||
| 999 |
_c59362 _d59362 |
||